Sports Quiz

Random Sports or NBA Quiz

NBA Scoring Leaders (2010s) Quiz Stats

 Plays Quiz Updated Aug 23, 2019

Score 0/100 Timer 08:00
180 Plays Today
% Correct
LeBron James
99.1%
LeBron James
99.1%
LeBron James
99.1%
LeBron James
99.1%
LeBron James
99.1%
LeBron James
99.1%
LeBron James
99.1%
LeBron James
99.1%
LeBron James
99.1%
Kevin Durant
97.2%
Kevin Durant
97.2%
Kevin Durant
97.2%
Kevin Durant
97.2%
Kevin Durant
97.2%
Kevin Durant
97.2%
Kevin Durant
97.2%
Kevin Durant
97.2%
James Harden
96.6%
James Harden
96.6%
James Harden
96.6%
James Harden
96.6%
James Harden
96.6%
James Harden
96.6%
James Harden
96.6%
Stephen Curry
95.6%
Stephen Curry
95.6%
Stephen Curry
95.6%
Stephen Curry
95.6%
Stephen Curry
95.6%
Stephen Curry
95.6%
Russell Westbrook
94.1%
Russell Westbrook
94.1%
Russell Westbrook
94.1%
Russell Westbrook
94.1%
% Correct
Russell Westbrook
94.1%
Russell Westbrook
94.1%
Kobe Bryant
90.9%
Kobe Bryant
90.9%
Kobe Bryant
90.9%
Kobe Bryant
90.9%
Dwyane Wade
86.9%
Dwyane Wade
86.9%
Klay Thompson
84.9%
Klay Thompson
84.9%
Paul George
80.2%
Paul George
80.2%
Paul George
80.2%
Kyrie Irving
80%
Anthony Davis
78.8%
Anthony Davis
78.8%
Anthony Davis
78.8%
Giannis Antetokounmpo
78.6%
Giannis Antetokounmpo
78.6%
Carmelo Anthony
78.4%
Carmelo Anthony
78.4%
Carmelo Anthony
78.4%
Carmelo Anthony
78.4%
Carmelo Anthony
78.4%
Damian Lillard
76.8%
Damian Lillard
76.8%
Damian Lillard
76.8%
Damian Lillard
76.8%
Damian Lillard
76.8%
Damian Lillard
76.8%
Chris Paul
76.2%
Dirk Nowitzki
72.5%
Dirk Nowitzki
72.5%
Dirk Nowitzki
72.5%
% Correct
Blake Griffin
72%
Blake Griffin
72%
Blake Griffin
72%
Blake Griffin
72%
Chris Bosh
67.2%
DeMar DeRozan
63.6%
DeMar DeRozan
63.6%
DeMar DeRozan
63.6%
DeMar DeRozan
63.6%
Derrick Rose
63%
DeMarcus Cousins
61.5%
Kevin Love
61.2%
Kevin Love
61.2%
Kemba Walker
59.5%
Karl-Anthony Towns
55.9%
Karl-Anthony Towns
55.9%
Bradley Beal
55.4%
Bradley Beal
55.4%
LaMarcus Aldridge
52%
LaMarcus Aldridge
52%
Isaiah Thomas
49%
Isaiah Thomas
49%
Lou Williams
47.5%
Amar'e Stoudemire
35.9%
Amar'e Stoudemire
35.9%
Josh Smith
32.7%
Monta Ellis
25.9%
Monta Ellis
25.9%
Zach Randolph
20.3%
Stephen Jackson
20%
Kevin Martin
13%
Brandon Jennings
10.7%

You're not logged in!

Compare scores with friends on all Sporcle quizzes.
OR
Log In

Sporcle TV

Today on Sporcle TV


Watch our educational content, quiz creation guides, and fun videos on Sporcle TV.

Show Comments

Extras

Top Quizzes Today


Score Distribution

Your Account Isn't Verified!

In order to create a playlist on Sporcle, you need to verify the email address you used during registration. Go to your Sporcle Settings to finish the process.

Report this User

Report this user for behavior that violates our Community Guidelines.

Details: